000 00798cam a2200241 a 4500
001 3559440
005 20171218101627.0
008 980120s1998 ctua b 001 0 eng
010 _a 98011126
020 _a0275962725 (alk. paper)
040 _aDLC
_cDLC
_dDLC
041 _aeng
043 _an-us---
080 _a325.73 KEN
082 0 0 _a325.73 KEN
_221
100 1 _a14
101 _aJUR
245 1 0 _aHuddled masses, muddled laws :
_cKenneth K. Lee.
504 _aIncludes bibliographical references (p. [157]-164) and index.
906 _a7
_bcbc
_corignew
_d1
_eocip
_f19
_gy-gencatlg
942 _2ddc
_cBK
999 _c39131
_d39131